000 00895nam a22002774a 4500
008
020 _a0321204700 (pbk.)
049 _aMAIN
090 _aHG4027.5
_bEIT
100 1 _aEiteman, David K.
245 1 0 _aMultinational business finance /
_cDavid K. Eiteman, Arthur I. Stonehill, Michael H. Moffett.
250 _a10th ed.
260 _aReading, MA :
_bAddison-Wesley Longman,
_c2001.
300 _axxiii, 772 p. :
_bill. ;
_c25 cm.
440 _aThe Addison-Wesley series in finance
504 _aIncludes bibliographical references.
500 _aIncludes index.
650 0 _aInternational business enterprises
_xFinance.
700 1 _aStonehill, Arthur I.
700 1 _aMoffett, Michael H.
907 _a.b10171137
_b29-10-13
_c15-08-05
003
005 20230123134047.0
040 _cNUST
942 _cBOOKS
_kHG4027.5
_mEIT
999 _c159344
_d159344